| 000 | 00601nam a2200205 a 4500 | ||
|---|---|---|---|
| 001 | 000022211 | ||
| 005 | 20240412074250.0 | ||
| 008 | 100920s1962 dr 000 j spa d | ||
| 040 |
_aDO-SdBNP _bspa _cBNPHU |
||
| 082 |
_aRD863.44 _bL817a, 1962 |
||
| 100 | 1 |
_aLockward, Yoryi _935159 |
|
| 245 | 1 | 0 |
_aAcucheme ute / _cYoryi Lockward. |
| 250 | _a2a. ed. | ||
| 260 |
_aSanto Domingo : _bLa Nación, _c1962. |
||
| 300 |
_a100 p. ; _c22 cm. |
||
| 590 | _aInventariado, 2020/YL | ||
| 650 | 0 |
_aCuentos dominicanos _9176 |
|
| 650 | 0 |
_aLiteratura dominicana. _967 |
|
| 910 | _aValidado. Control de calidad MFF | ||
| 999 |
_c21709 _d21709 |
||